| 000 | 00638nam a2200229Ia 4500 | ||
|---|---|---|---|
| 003 | OSt | ||
| 005 | 20220926014808.0 | ||
| 006 | a|||||r|||| 00| 0 | ||
| 007 | ta | ||
| 008 | 220923b |||||||| |||| 00| 0 eng d | ||
| 037 | _cGeneral Book | ||
| 040 |
_aRTL _cRTL _beng |
||
| 041 |
_2eng _aeng |
||
| 082 | _aX:87, K1 | ||
| 100 |
_aFamularo J. J. _9321103 |
||
| 245 | 0 |
_aSupervisors in action _b Developing your skills in |
|
| 260 |
_aNew York _bMc-Graw-Hill USA _c1961 |
||
| 300 |
_axoo, 238p. _ccm. |
||
| 650 |
_aExecutive _9233834 |
||
| 942 |
_hX:87, K1 _cGB _2CC |
||
| 999 |
_c629814 _d629814 |
||